| 000 | 00440nam a2200145Ia 4500 | ||
|---|---|---|---|
| 008 | 160216s9999 xx 000 0 und d | ||
| 100 | _aMcLean, Scott | ||
| 245 | _aBusiness English for success / | ||
| 245 | _cScott McLean. | ||
| 260 | _bThe Saylor Foundation. | ||
| 260 | _c2011 | ||
| 650 | _xBusiness - Language. | ||
| 650 | _xEnglish Language. | ||
| 856 | _uhttp://www.saylor.org/site/textbooks/Business%20English%20for%20Success.pdf | ||
| 999 |
_c290610 _d290610 |
||